Jóvenes, cuerpo y masculinidad : una aproximación etnográfica desde las artes marciales mixtas /

Bibliographic Details
Main Authors: Cuarán Coral, Diana Carolina (Author), Quintero Tapia, John Jamer (Author)
Format: Electronic eBook
Language:Spanish
Published: Popayán, Colombia : Editorial Universidad del Cauca, 2022.
Edition:Primera edición en español.
Subjects:
Online Access:Digitalia Hispánica

MARC

LEADER 00000nam a2200000 i 4500
001 DIGUCAUCA0144
003 NyNyDIG
006 m o d
007 cr |||||||||||
008 231008s2022 ck a ob 001 0 spa d
035 |a (OCoLC)1402839291 
040 |a DGITA  |b eng  |e rda  |e pn  |c DGITA 
020 |a 9789587325324  |q digital 
020 |z 9789587325317  |q impreso 
050 1 4 |a BF692.5 ebook 
100 1 |a Cuarán Coral, Diana Carolina,  |e author. 
245 1 0 |a Jóvenes, cuerpo y masculinidad :  |b una aproximación etnográfica desde las artes marciales mixtas /  |c Diana Carolina Cuarán Coral, John Jamer Quintero Tapia. 
250 |a Primera edición en español. 
264 1 |a Popayán, Colombia :  |b Editorial Universidad del Cauca,  |c 2022. 
300 |a 1 online resource :  |b illustrations. 
336 |a text  |b txt  |2 rdacontent 
337 |a computer file  |b c  |2 rdamedia 
338 |a online resource  |b cr  |2 rdacarrier 
347 |a text file  |2 rdaft 
347 |b PDF 
504 |a Includes bibliographical references and Index. 
588 0 |a Online resource; title from PDF title page (Digitalia, viewed October 8, 2023) 
650 0 |a Masculinity. 
650 0 |a Young men. 
650 0 |a Mixed martial arts. 
700 1 |a Quintero Tapia, John Jamer,  |e author.  
776 0 8 |i Print version:  |a Cuarán Coral, Diana Carolina.  |t Jóvenes, cuerpo y masculinidad.  |b Primera edición en español.  |d Popayán, Colombia : Editorial Universidad del Cauca, 2022  |z 9789587325317 
791 2 |a Digitalia (Firm),  |e distributor. 
793 0 |g Digitalia eBook Collection:  |a Universidad del Cauca 
856 4 0 |3 Digitalia Hispánica  |u https://www.digitaliapublishing.com/a/129859/ 
910 |a Premium collection: 2023